| 000 | 00506nam a2200205Ia 4500 | ||
|---|---|---|---|
| 003 | 0100 | ||
| 005 | 20160914085542.0 | ||
| 008 | 130303s9999 xx 000 0 und d | ||
| 040 | _cARRUPELIB | ||
| 050 | _aGN451.L52 | ||
| 100 |
_aLevy-Bruhl, Lucien _925789 |
||
| 245 | _aHow natives think | ||
| 260 | _aLondon | ||
| 260 | _bGeorge Allen and Unwin | ||
| 300 | _a392p. | ||
| 300 | _b 22cm | ||
| 650 |
_aEthnopsychology _925790 |
||
| 650 |
_aSociety, Primitive _925791 |
||
| 942 |
_2lcc _01 _cMONOGRAPH |
||
| 999 |
_c66202 _d66202 |
||